Modelos matemt̀icos para reactores biolg̤icos de lecho empacado (PBR), una revisin̤ bibliogrf̀ica
El modelo matemt̀ico y anl̀isis ter̤ico de reactores biolg̤icos de lecho empacado (PBR) ha sido estudiado por diferentes autores, quienes tuvieron en cuenta variedad de cinťicas de reaccin̤, modelos unidimensionales, homogňeos, pseudohomogňeos y heterogňeos. Las ecuaciones resultantes del modelo...
Salvato in:
| Altri autori: | , , |
|---|---|
| Natura: | Libro |
| Lingua: | spagnolo |
| Soggetti: | |
| Accesso online: | Modelos matemt̀icos para reactores biolg̤icos de lecho empacado (PBR), una revisin̤ bibliogrf̀ica |
| Tags: |
Aggiungi Tag
Nessun Tag, puoi essere il primo ad aggiungerne!!
|
MARC
| LEADER | 00000nam a22000004a 4500 | ||
|---|---|---|---|
| 001 | vpro22143 | ||
| 005 | 20201223000000.0 | ||
| 008 | 200730s2020 ck # g## #001 0#spa#d | ||
| 020 | |a 2248-8723 (Versin̤ electrn̤ica); 0120-5609 (Versin̤ impresa) | ||
| 022 | |||
| 040 | |a CO-BoINGC | ||
| 041 | 0 | |a spa | |
| 245 | 1 | 0 | |a Modelos matemt̀icos para reactores biolg̤icos de lecho empacado (PBR), una revisin̤ bibliogrf̀ica |
| 246 | |a A bibliographic review of mathematical models of packed-bed biological reactors (PBR) | ||
| 264 | |a Bogot ̀(Colombia) : |b Revista VirtualPRO, |c 2020 | ||
| 520 | 3 | |a El modelo matemt̀ico y anl̀isis ter̤ico de reactores biolg̤icos de lecho empacado (PBR) ha sido estudiado por diferentes autores, quienes tuvieron en cuenta variedad de cinťicas de reaccin̤, modelos unidimensionales, homogňeos, pseudohomogňeos y heterogňeos. Las ecuaciones resultantes del modelo fueron solucionadas, en su gran mayora̕, por sistemas de mťodos numřicos. Se ha analizado en estos el efecto de variables de proceso de importancia fs̕ica con respecto a parm̀etros de diseǫ y operacin̤, como tiempos de residencia, flujos de operacin̤, conversiones de sustrato, r̀ea y superficie del biofilm, entre otros. | |
| 650 | \ | \ | |a Cinťica qum̕ica |
| 650 | \ | \ | |a Biorreactores |
| 650 | \ | \ | |a Anl̀isis numřico |
| 650 | \ | \ | |a Chemical kinetics |
| 650 | \ | \ | |a Bioreactors |
| 650 | \ | \ | |a Numerical analysis |
| 650 | \ | \ | |a Reactor empacado; Biorreactor; Cľulas inmovilizadas; Modelamiento; Simulacin̤ |
| 650 | \ | \ | |a Packed-bed reactor; Bioreactor; Immobilised cells; Modelling; Simulation |
| 700 | \ | \ | |a Caicedo Luis Alfonso |
| 700 | \ | \ | |a Corredor Deisy |
| 700 | \ | \ | |a Universidad Nacional de Colombia |
| 856 | |z Modelos matemt̀icos para reactores biolg̤icos de lecho empacado (PBR), una revisin̤ bibliogrf̀ica |u https://virtualpro.unach.elogim.com/biblioteca/modelos-matematicos-para-reactores-biologicos-de-lecho-empacado-pbr-una-revision-bibliografica | ||